000 00646nam a2200241Ia 4500
003 OSt
005 20220918110146.0
006 a|||||r|||| 00| 0
007 ta
008 220915b |||||||| |||| 00| 0 eng d
024 _a15393
037 _cReference Collections
040 _aARTS
_cARTS
_beng
041 _2eng
_aeng
082 _aNQ596xK06, K8(RR)
100 _aWallace Robert
_96083
245 0 _aWorld of rembrandt
260 _aNeederland
_bTime Life Books
_c1968
300 _a187p.
650 _aARTS
942 _hNQ596xK06, K8(RR)
_cREF
999 _c111389
_d111389